| 000 | 00336nam a22001337a 4500 | ||
|---|---|---|---|
| 020 | _a2880700299 | ||
| 082 | _a205 Con | ||
| 100 | _aConference of European Churches | ||
| 245 | _aWitness to God in a Secular Europe | ||
| 260 |
_aGeneva _bConference of European Churches _c1985 |
||
| 300 | _a76 | ||
| 650 | _aMuslims-Europe | ||
| 942 | _cBK | ||
| 999 |
_c19638 _d19638 |
||